| 000 | 00488nam a2200157Ia 4500 | ||
|---|---|---|---|
| 008 | 220216s9999 xx 000 0 und d | ||
| 100 | _aMathew F | ||
| 245 | 0 | _aClonal variability in tension wood formation in the juvenile and mature growth phases of Hevea brasiliensis | |
| 260 |
_bJournal of the Indian Academy of Wood Science _c2006 |
||
| 300 | _a16-26 | ||
| 650 | _aClonal variation | ||
| 650 | _aGelatinuous fiber | ||
| 650 | _aTension wood | ||
| 700 | _aReghu C P | ||
| 942 | _cBS | ||
| 999 |
_c51511 _d51511 |
||